000 00540nam a2200181Ia 4500
003 GCL
008 140319s9999 xx 000 0 ara d
040 _aGCL /
_cGCL
082 0 4 _a818.03
_bى د
100 1 _aيوسف الخال
245 1 0 _aدفاتر الايام: أفكار على ورق /
_cيوسف الخال
260 _a[S.N] :
_bرياض الريس للكتب والنشر ،
_c1987
300 _a408 ص
490 _a
650 0 4 _aالادب العربى
650 0 4 _aالمقالات العربية
942 _2ddc
_cBK
999 _c55792
_d55792